[Event "ch-FRA Blitz Online Qual"]
[Site "Europe-Chess INT"]
[Date "2020.05.16"]
[Round "9"]
[White "Kantzer, Romain"]
[Black "Gratton, Alexandre"]
[Result "1-0"]
[WhiteElo "1930"]
[BlackElo "1792"]
[WhiteFideId "26024640"]
[BlackFideId "551063689"]
[EventDate "2020.05.16"]

1. d4 Nf6 2. Bf4 d5 3. e3 e6 4. Nd2 c5 5. c3 Nc6 6. Ngf3 Bd6 7. Bg3 O-O 8. Bd3
b6 9. e4 dxe4 10. Nxe4 Be7 11. dxc5 bxc5 12. O-O Bb7 13. Qc2 Nxe4 14. Bxe4 g6
15. Rad1 Qb6 16. Rd7 Bf6 17. Bc7 Qa6 18. b3 Rac8 19. Bd3 Qa3 20. Bb5 c4 21. Bd6
cxb3 22. axb3 Qa5 23. Rxb7 Rfd8 24. Bxc6 Rxc6 25. Bb4 Qa6 26. Rxf7 Kxf7 27. Re1
Qb7 28. h4 Qxb4 29. h5 Qxc3 30. Qe2 Qd3 31. Qa2 gxh5 32. Qxa7+ Rd7 33. Ne5+ Bxe5
34. Qa8 Bf6 35. Qxc6 Qd2 36. Rf1 Qd6 37. Qf3 Qe5 38. b4 Qb5 39. g3 Rb7 40. Re1
Qxb4 41. Qxh5+ Ke7 42. Qxh7+ Kd6 43. Rd1+ Kc6 44. Qg8 Bc3 45. Qxe6+ Kb5 46. Rd5+
Ka4 47. Qe8+ Kb3 48. Rd1 Kc4 49. Qe4+ Kb5 50. Qxb7+ Kc4 51. Qxb4+ Kxb4 52. Kg2 1-0

[Event "ch-FRA Blitz Online Qual"]
[Site "Europe-Chess INT"]
[Date "2020.05.16"]
[Round "9"]
[White "Ferey, Antonin"]
[Black "Spagnoli, Benjamin"]
[Result "1-0"]
[WhiteElo "2138"]
[BlackElo "1770"]
[WhiteFideId "36051454"]
[BlackFideId "20667116"]
[EventDate "2020.05.16"]

1. d4 Nf6 2. Nf3 g6 3. c4 Bg7 4. Nc3 O-O 5. e4 d6 6. Be2 e5 7. O-O Nc6 8. d5 Ne7
9. b4 Nd7 10. Ba3 f5 11. Ng5 Nf6 12. c5 h6 13. Ne6 Bxe6 14. dxe6 fxe4 15. b5 Nf5
16. Bc4 Qe7 17. Nd5 Nxd5 18. Qxd5 Rfd8 19. Qxe4 d5 20. Bxd5 Rab8 21. Rad1 Qg5
22. e7+ Rxd5 23. Qxd5+ Kh7 24. Qd8 1-0

[Event "ch-FRA Blitz Online Qual"]
[Site "Europe-Chess INT"]
[Date "2020.05.16"]
[Round "9"]
[White "Fardet, Elouan"]
[Black "Redjem, Mohamed"]
[Result "1-0"]
[WhiteElo "2163"]
[BlackElo "1777"]
[WhiteFideId "45163596"]
[BlackFideId "20608128"]
[EventDate "2020.05.16"]

1. e4 d5 2. exd5 Qxd5 3. Nc3 Qa5 4. d4 c6 5. Nf3 Nf6 6. Ne5 Be6 7. Bf4 Nbd7 8.
Nc4 Bxc4 9. Bxc4 e6 10. Qf3 Be7 11. O-O-O O-O 12. Bb3 Nb6 13. g4 Nfd5 14. Bd2
Nxc3 15. Bxc3 Bb4 16. Bxb4 Qxb4 17. h4 a5 18. a3 Qb5 19. Kb1 a4 20. Ba2 Nc4 21.
Qc3 Nd6 22. h5 Rfc8 23. h6 Ne4 24. Qe3 Nf6 25. hxg7 h5 26. Qh6 1-0

[Event "ch-FRA Blitz Online Qual"]
[Site "Europe-Chess INT"]
[Date "2020.05.16"]
[Round "9"]
[White "Djidjeli, Sarah"]
[Black "Rouast, Joseph"]
[Result "1-0"]
[WhiteElo "2074"]
[BlackElo "1808"]
[WhiteFideId "36067474"]
[BlackFideId "45147000"]
[EventDate "2020.05.16"]

1. e4 c5 2. Nf3 d6 3. d4 cxd4 4. Nxd4 Nf6 5. f3 a6 6. c4 e5 7. Nb3 Be7 8. Nc3
Be6 9. Be3 Kf8 10. Be2 Nbd7 11. O-O h6 12. Rc1 g6 13. Qd2 Kg7 14. Na1 Rc8 15. b3
Qa5 16. Rfd1 h5 17. Qb2 Rb8 18. b4 Qd8 19. b5 a5 20. b6 Nc5 21. Bxc5 dxc5 22.
Rxd8 Rhxd8 23. Nb3 Ra8 24. a4 Nd7 25. Nd2 Nb8 26. Nb5 Nc6 27. Nc7 Rac8 28. Nxe6+
fxe6 29. Nb3 Bf6 30. Qc3 Nb4 31. Nxa5 Ra8 32. Nxb7 Rdc8 33. Nd6 Rc6 34. Nb5 Rxb6
35. Qb3 Rba6 36. Ra1 Nc6 37. Nc7 Nd4 38. Qd1 Nxe2+ 39. Qxe2 Rxa4 40. Rxa4 Rxa4
41. Nxe6+ Kf7 42. Nxc5 Ra1+ 43. Kf2 Be7 44. Nd3 Ke6 45. Qb2 Ra6 46. Qxe5+ Kd7
47. Nc5+ Bxc5+ 48. Qxc5 Rc6 49. Qd5+ Kc7 50. Qf7+ Kb6 51. Qd5 Kc7 52. e5 h4 53.
Ke3 h3 54. gxh3 g5 55. e6 g4 56. hxg4 Kb6 57. e7 Kc7 58. Qxc6+ Kxc6 59. e8=Q+
Kc5 60. Qd8 Kxc4 61. g5 Kc5 62. g6 Kc4 63. g7 Kc5 64. g8=Q 1-0

[Event "ch-FRA Blitz Online Qual"]
[Site "Europe-Chess INT"]
[Date "2020.05.16"]
[Round "9"]
[White "Profili, Emilio"]
[Black "Sylvestre-Baron, Laurent"]
[Result "1-0"]
[WhiteElo "2053"]
[BlackElo "1728"]
[WhiteFideId "45160805"]
[BlackFideId "20698585"]
[EventDate "2020.05.16"]

1. e4 c5 2. Nf3 Nc6 3. Bb5 g6 4. O-O Bg7 5. Re1 Nf6 6. e5 Nd5 7. Nc3 e6 8. Bxc6
dxc6 9. Ne4 O-O 10. Nxc5 f5 11. exf6 Qxf6 12. d4 Nf4 13. Ne4 Qf5 14. Nd6 Nh3+
15. Kf1 Qf6 16. Ne4 Qf5 17. Nd6 Qf6 18. gxh3 Qxf3 19. Qxf3 Rxf3 20. Kg2 Rf8 21.
c3 Bd7 22. Nxb7 c5 23. Nxc5 Bc6+ 24. Kg1 Rf3 25. Re3 Raf8 26. Nxe6 Rxf2 27. Nxf8
Rg2+ 28. Kf1 Bxf8 29. Rg3 Rxh2 30. b3 Bd6 31. Rg1 Rxh3 32. Bd2 Rf3+ 33. Ke2 Bg3
34. Raf1 Rxf1 35. Rxf1 Bd7 36. Bh6 Bg4+ 37. Kd3 Bd6 38. c4 Bf5+ 39. Kc3 g5 40.
c5 Bf4 41. Bxg5 Bxg5 42. Rxf5 1-0

[Event "ch-FRA Blitz Online Qual"]
[Site "Europe-Chess INT"]
[Date "2020.05.16"]
[Round "9"]
[White "Gretry, Patrice"]
[Black "Briand, Maxime"]
[Result "1-0"]
[WhiteElo "2017"]
[BlackElo "1662"]
[WhiteFideId "624675"]
[BlackFideId "651016397"]
[EventDate "2020.05.16"]

1. e4 c6 2. d4 d5 3. Nc3 dxe4 4. Nxe4 Bf5 5. Nc5 Qc7 6. Nf3 Nf6 7. g3 e6 8. Bf4
Bd6 9. Bxd6 Qxd6 10. c3 Qc7 11. Bg2 O-O 12. O-O Nbd7 13. Nd3 Rab8 14. Re1 Rfd8
15. Nde5 c5 16. Qa4 b5 17. Qb3 c4 18. Qd1 Be4 19. Nxd7 Rxd7 20. Ne5 Bxg2 21.
Nxd7 Nxd7 22. Kxg2 b4 23. Qf3 Nf6 24. Rac1 Nd5 25. cxb4 Nxb4 26. a3 Nd5 27. Rc2
Qa5 28. Rec1 c3 29. bxc3 Qxa3 30. c4 Qxf3+ 31. Kxf3 Nb4 32. Rb2 Nd3 33. Rxb8# 1-0

[Event "ch-FRA Blitz Online Qual"]
[Site "Europe-Chess INT"]
[Date "2020.05.16"]
[Round "9"]
[White "Garde, Guillaume"]
[Black "Zienkiewicz, Jan"]
[Result "0-1"]
[WhiteElo "1716"]
[BlackElo "1914"]
[WhiteFideId "45138273"]
[BlackFideId "45116768"]
[EventDate "2020.05.16"]

1. e4 c5 2. Nc3 Nc6 3. Bb5 Nd4 4. Nf3 Nxb5 5. Nxb5 d6 6. d4 cxd4 7. Qxd4 Nf6 8.
Qc4 Be6 9. Nc7+ Kd7 10. Nxe6 fxe6 11. Ng5 Qb6 12. Qxe6+ Kc7 13. O-O Rc8 14. Be3
Qc6 15. Qb3 Kb8 16. c3 Nxe4 17. Nxe4 Qxe4 18. Rfe1 Qc6 19. Qa3 a6 20. Qb3 e5 21.
Rad1 Be7 22. Qb6 Qxb6 23. Bxb6 Rhf8 24. Rd3 Rc6 25. Be3 h6 26. b3 g5 27. c4 Kc7
28. Bd2 Rf5 29. f3 h5 30. Bc3 Bf6 31. Rde3 Kd7 32. Rd1 b5 33. cxb5 axb5 34. Kf2
g4 35. Ke2 gxf3+ 36. Rxf3 Rxf3 37. Kxf3 Rxc3+ 38. Ke4 Ke6 39. Rd2 b4 40. g3 Bg5
41. Rd5 Re3# 0-1

[Event "ch-FRA Blitz Online Qual"]
[Site "Europe-Chess INT"]
[Date "2020.05.16"]
[Round "9"]
[White "Zniber, Reda"]
[Black "Cadieu, Corentin"]
[Result "0-1"]
[WhiteElo "1986"]
[BlackElo "1524"]
[WhiteFideId "36054224"]
[BlackFideId "26023180"]
[EventDate "2020.05.16"]

1. c4 c6 2. g3 Nf6 3. Bg2 d5 4. Nf3 Bf5 5. cxd5 cxd5 6. Nc3 e6 7. Qb3 Qd7 8. d3
Nc6 9. O-O Be7 10. Bf4 a6 11. Rac1 O-O 12. h3 Bg6 13. g4 h6 14. Rfe1 b5 15. Bg3
Bd6 16. Bxd6 Qxd6 17. Qd1 Rfd8 18. e3 Ne5 19. Qd2 Nxd3 20. Red1 Nxc1 21. Rxc1
Ne4 22. Nxe4 Bxe4 23. Qd4 Rac8 24. Rd1 Rc4 25. Qd2 Rc2 26. Qa5 Rdc8 27. b3 Rc1
28. Rxc1 Rxc1+ 29. Bf1 Bxf3 30. Qd2 Rxf1+ 31. Kxf1 Qh2 32. Qc3 Qh1# 0-1

[Event "ch-FRA Blitz Online Qual"]
[Site "Europe-Chess INT"]
[Date "2020.05.16"]
[Round "9"]
[White "Roux, Baptiste"]
[Black "Martin, Nils"]
[Result "0-1"]
[WhiteElo "2145"]
[BlackElo "1639"]
[WhiteFideId "36017450"]
[BlackFideId "45160473"]
[EventDate "2020.05.16"]

1. e4 e5 2. Nf3 Nc6 3. Bb5 a6 4. Ba4 Nf6 5. O-O Bc5 6. c3 b5 7. Bb3 d6 8. d4 Bb6
9. h3 O-O 10. a4 Bb7 11. Re1 h6 12. Qd3 Qd7 13. axb5 axb5 14. Rxa8 Rxa8 15. Na3
b4 16. Nc4 bxc3 17. Nxb6 cxb6 18. bxc3 Qe7 19. Nh4 Qe8 20. Nf5 Ne7 21. Nxd6 Qc6
22. Nxf7 Kh7 23. Nxe5 Qe8 24. Ng4 Nxg4 25. hxg4 Qg6 26. f3 Nc6 27. Bf4 Ra3 28.
Bc2 Nb4 29. Qd1 Nxc2 30. Qxc2 Qc6 31. Rc1 Qc4 32. e5+ Kg8 33. g5 hxg5 34. Bxg5
b5 35. Qb2 Ra2 36. Qb1 Qe2 37. Qb3+ Kh8 38. Qxa2 Qxa2 39. e6 Qxe6 40. Bd2 Qd5
41. Kf2 Bc6 42. Re1 Qd7 43. Re5 Bd5 44. g3 Bc4 45. Rc5 Qe7 46. Be3 Qf6 47. Rc8+
Kh7 48. Rc5 Qg6 49. f4 Qc2+ 50. Kf3 Be2+ 51. Kf2 Bg4+ 52. Ke1 Qe2# 0-1

[Event "ch-FRA Blitz Online Qual"]
[Site "Europe-Chess INT"]
[Date "2020.05.16"]
[Round "9"]
[White "Nineuil, Vincent"]
[Black "Laignel, Quentin"]
[Result "0-1"]
[WhiteElo "1920"]
[BlackElo "1420"]
[WhiteFideId "688380"]
[BlackFideId "45169128"]
[EventDate "2020.05.16"]

1. e4 d5 2. exd5 Qxd5 3. Nc3 Qd8 4. d4 Nf6 5. Bc4 c6 6. Nf3 Bf5 7. Bf4 e6 8. Qd2
Nbd7 9. h3 Be7 10. g4 Bg6 11. O-O-O h6 12. Qe2 Bb4 13. Nb1 Ne4 14. c3 Be7 15.
Ne5 Bh7 16. Nd2 Nd6 17. Bd3 Bxd3 18. Qxd3 Nf6 19. Qe2 Qa5 20. Kb1 g5 21. Bg3 Nd5
22. Qf3 Nf6 23. Rhe1 O-O-O 24. Nb3 Qb5 25. c4 Nxc4 26. Nxf7 a5 27. Qe2 a4 28.
Nc1 Nd5 29. Qxe6+ Rd7 30. Nd3 Nc3+ 31. Ka1 Nxd1 32. Rxd1 Rd8 33. Nxd8 Bxd8 34.
Rb1 a3 35. b3 Nd6 36. Nc5 Qb4 37. Qxd7+ Kb8 38. Qxd8+ Ka7 39. Rc1 Qxd4+ 40. Kb1
Qb2# 0-1

[Event "ch-FRA Blitz Online Qual"]
[Site "Europe-Chess INT"]
[Date "2020.05.16"]
[Round "9"]
[White "Courjal, Pauline"]
[Black "Weisman, Nathan"]
[Result "0-1"]
[WhiteElo "1848"]
[BlackElo "2186"]
[WhiteFideId "45147841"]
[BlackFideId "36060895"]
[EventDate "2020.05.16"]

1. e4 Nf6 2. e5 Nd5 3. d4 d6 4. c4 Nb6 5. exd6 cxd6 6. Nc3 g6 7. b3 Bg7 8. Be3
O-O 9. Rc1 e5 10. d5 f5 11. g3 N8d7 12. Bg2 f4 13. gxf4 exf4 14. Bd4 Qe7+ 15.
Qe2 Ne5 16. Bxe5 Bxe5 17. Nf3 Bg4 18. O-O Rae8 19. Rfe1 Nd7 20. h3 Bh5 21. Ne4
Nf6 22. Nxf6+ Qxf6 23. Qd3 Bxf3 24. Bxf3 Qh4 25. Bg4 Kg7 26. Qf3 h5 27. Be6 g5
28. Kf1 Rf6 29. Ke2 Rh8 30. Rg1 b6 31. Kf1 Kf8 32. a3 Ke7 33. b4 Rh7 34. Qd3 Rg7
35. Qf3 Rfg6 36. c5 g4 37. hxg4 hxg4 38. Qh1 Qg5 39. Rxg4 Qxg4 40. Bf5 Qxf5 41.
Re1 Qd3+ 42. Re2 Rg1+ 43. Qxg1 Rxg1+ 44. Kxg1 Qxe2 45. c6 Kd8 46. Kg2 f3+ 47.
Kh3 Qxf2 48. Kg4 Qg3+ 49. Kf5 Qf4+ 50. Ke6 Qf6# 0-1

[Event "ch-FRA Blitz Online Qual"]
[Site "Europe-Chess INT"]
[Date "2020.05.16"]
[Round "9"]
[White "De Monts, Louis"]
[Black "Carvallo, Henri"]
[Result "0-1"]
[WhiteElo "1630"]
[BlackElo "2069"]
[WhiteFideId "36088781"]
[BlackFideId "619914"]
[EventDate "2020.05.16"]

1. e4 d6 2. d4 Nf6 3. Nc3 e5 4. dxe5 dxe5 5. Qxd8+ Kxd8 6. Nf3 Bd6 7. Bg5 Nd7 8.
O-O-O Ke8 9. Nb5 Ke7 10. Nh4 g6 11. Nxd6 cxd6 12. Bb5 h6 13. Bxf6+ Nxf6 14. f4
Be6 15. f5 gxf5 16. Nxf5+ Bxf5 17. exf5 Rhg8 18. g3 d5 19. Rhe1 Kd6 20. Kb1 Rg5
21. Rf1 Ng4 22. Rd2 Ne3 23. Rff2 Rxf5 24. Rxf5 Nxf5 25. c4 d4 26. b4 Ne3 27. c5+
Ke7 28. Rf2 f6 29. Kc1 a6 30. Bd3 Rc8 31. Kb2 a5 32. a3 axb4 33. axb4 Ra8 34. h4
Nd5 35. Kb3 Ne3 36. Rf3 Ke6 37. Bc4+ Ke7 38. Bd3 Rc8 39. Bc4 b6 40. Ba6 Rb8 41.
cxb6 Rxb6 42. Bc4 Rc6 43. Bb5 Rc3+ 44. Kb2 Nd1+ 45. Kb1 Rxf3 0-1

[Event "ch-FRA Blitz Online Qual"]
[Site "Europe-Chess INT"]
[Date "2020.05.16"]
[Round "9"]
[White "Schrefheere, Anthime"]
[Black "Lorans, Sylvain"]
[Result "1-0"]
[WhiteElo "1750"]
[BlackElo "2086"]
[WhiteFideId "657646"]
[BlackFideId "605794"]
[EventDate "2020.05.16"]

1. e4 e5 2. Nc3 Nf6 3. f4 d5 4. fxe5 Nxe4 5. Qf3 Nxc3 6. dxc3 Bc5 7. Qg3 Kf8 8.
Bg5 Be7 9. Bxe7+ Qxe7 10. O-O-O Be6 11. Nf3 Nc6 12. Ng5 Re8 13. Bb5 h6 14. Bxc6
bxc6 15. Nf3 Rb8 16. Nd4 c5 17. Nc6 Qe8 18. Nxb8 Qxb8 19. Qf4 Qb6 20. Qa4 Ke7
21. Qb3 Qc6 22. Qa3 Rb8 23. Rhf1 Rb6 24. b4 Ra6 25. Qb2 Rb6 26. Qa3 Ra6 27. Qb2
Qa4 28. Kd2 Qxa2 29. Qxa2 Rxa2 30. Ra1 Rb2 31. Rxa7 Kd7 32. bxc5 Kc6 33. Rfa1
Bc8 34. Ra8 Bf5 35. Rc1 Kxc5 36. Rf8 Be6 37. Rg8 g6 38. Rd8 h5 39. g3 c6 40. h4
Bf5 41. Ra8 Kb6 42. Re8 c5 43. Re7 Be6 44. Ra1 Bf5 45. Rxf7 Rxc2+ 46. Ke1 Rxc3
47. Rf6+ Kb5 48. e6 Rxg3 49. Kf2 Rg4 50. Re1 Bxe6 51. Rexe6 d4 52. Rxg6 Rxh4 53.
Rg5 Rg4 54. Rxh5 Kb4 55. Ree5 c4 56. Rb5+ Kc3 57. Rh3+ d3 58. Ke1 Re4+ 59. Kd1
Rf4 60. Re5 Rf1+ 61. Re1 Rxe1+ 62. Kxe1 Kc2 63. Rh2+ Kc1 64. Rd2 Kb1 65. Kd1 Ka1
66. Kc1 c3 67. Rxd3 1-0

[Event "ch-FRA Blitz Online Qual"]
[Site "Europe-Chess INT"]
[Date "2020.05.16"]
[Round "9"]
[White "Kuhn, Clement"]
[Black "Flores, Victor"]
[Result "1-0"]
[WhiteTitle "CM"]
[WhiteElo "2150"]
[BlackElo "1741"]
[WhiteFideId "36099775"]
[BlackFideId "45133492"]
[EventDate "2020.05.16"]

1. e4 c5 2. Nf3 g6 3. d4 cxd4 4. Nxd4 Nc6 5. c4 Nf6 6. Nc3 d6 7. Be3 Ng4 8. Bg5
Qb6 9. Be2 Nxf2 10. Kxf2 Nxd4 11. Be3 Bg7 12. Nd5 Qxb2 13. Nc7+ Kd8 14. Nxa8
Nxe2 15. Qxe2 Qxe2+ 16. Kxe2 Bg4+ 17. Kd3 Bxa1 18. Bxa7 Be5 19. h3 Be6 20. Rb1
Bc8 21. Nb6 Kc7 22. Nd5+ Kd7 23. c5 e6 24. Nb6+ Kc7 25. Nc4 Bd7 26. cxd6+ Bxd6
27. Nxd6 Kxd6 28. Rxb7 Ra8 29. e5+ Kc6 30. Rb6+ Kc7 31. Ra6 Kb7 32. Rd6 Kc7 33.
Bb6+ Kc8 34. g4 Ra3+ 35. Kd4 Rxa2 36. Bc5 Rd2+ 37. Ke3 Rh2 38. Rb6 Rxh3+ 39. Kf4
Ra3 40. Bxa3 Kc7 41. Ra6 Kb7 42. Rd6 Kc7 43. Kg5 Kd8 44. Kh6 Ke8 45. Kxh7 Bb5
46. Rb6 Be2 47. g5 Bh5 48. Rb8+ Kd7 49. Kg7 Kc6 50. Kxf7 Kd5 51. Kf6 Ke4 52.
Kxe6 Bg4+ 53. Kf6 Bf5 54. e6 Kf4 55. e7 Kg4 56. e8=Q 1-0

[Event "ch-FRA Blitz Online Qual"]
[Site "Europe-Chess INT"]
[Date "2020.05.16"]
[Round "9"]
[White "Emmenecker, Philippe"]
[Black "Barraud, Mickael"]
[Result "1-0"]
[WhiteElo "2100"]
[BlackElo "1733"]
[WhiteFideId "616273"]
[BlackFideId "696137"]
[EventDate "2020.05.16"]

1. d4 e6 2. c4 d5 3. Nf3 Nf6 4. Nc3 c5 5. e3 Nc6 6. a3 Be7 7. dxc5 Bxc5 8. b4
Be7 9. Bb2 O-O 10. Qc2 d4 11. exd4 Nxd4 12. Nxd4 Qxd4 13. Be2 b6 14. Rd1 Qe5 15.
Nd5 Qg5 16. Nxe7+ Kh8 17. Bf3 Rb8 18. Nxc8 Rbxc8 19. O-O 1-0

[Event "ch-FRA Blitz Online Qual"]
[Site "Europe-Chess INT"]
[Date "2020.05.16"]
[Round "9"]
[White "Alvin, Leo"]
[Black "Hadida, Simon"]
[Result "1-0"]
[WhiteElo "2025"]
[BlackElo "1900"]
[WhiteFideId "695645"]
[BlackFideId "45132925"]
[EventDate "2020.05.16"]

1. d4 d5 2. c4 c6 3. Nc3 Nf6 4. e3 e6 5. Nf3 Be7 6. Bd3 dxc4 7. Bxc4 b5 8. Bd3
a6 9. O-O O-O 10. e4 Bb7 11. e5 Nd5 12. Ne4 Nd7 13. a3 c5 14. dxc5 Nxc5 15. Nxc5
Bxc5 16. Bxh7+ Kxh7 17. Ng5+ Kg6 18. Qc2+ f5 19. exf6+ Kxf6 20. Qxc5 Rc8 21.
Nh7+ Kf5 22. Qxf8+ Qxf8 23. Nxf8 Rxf8 24. Be3 Ke4 25. Rfe1 Kd3 26. Rac1 e5 27.
Bc5 Re8 28. Kf1 e4 29. Red1# 1-0

[Event "ch-FRA Blitz Online Qual"]
[Site "Europe-Chess INT"]
[Date "2020.05.16"]
[Round "9"]
[White "Gordon, Louis"]
[Black "Mezouaghi, Miloud"]
[Result "0-1"]
[WhiteElo "1758"]
[BlackElo "1999"]
[WhiteFideId "45186162"]
[BlackFideId "612634"]
[EventDate "2020.05.16"]

1. d4 Nf6 2. Nf3 g6 3. c4 Bg7 4. Nc3 d5 5. cxd5 Nxd5 6. e4 Nxc3 7. bxc3 O-O 8.
Rb1 c5 9. Be2 Nc6 10. d5 Ne5 11. Nxe5 Bxe5 12. Qd2 Qa5 13. Bb2 Qxa2 14. O-O Qa5
15. f4 Bg7 16. e5 c4 17. Bxc4 Qc5+ 18. Qd4 Qxd4+ 19. cxd4 Bf5 20. Rbc1 Rfc8 21.
Bb3 a5 22. Ba3 Bf8 23. h3 h5 24. Rc5 b6 25. Rxc8 Rxc8 26. Rc1 Rxc1+ 27. Bxc1 b5
28. Bd2 a4 29. Bd1 Bd3 30. Kf2 Bc4 31. Bb4 Bxd5 32. g4 hxg4 33. hxg4 e6 34. Bc3
b4 35. Ba1 a3 36. Ke2 b3 37. Kd2 b2 38. Bxb2 axb2 39. Kc2 Ba3 40. Kb1 Be4+ 41.
Bc2 Bxc2+ 42. Kxc2 Kf8 43. Kb1 Ke7 44. Ka2 Kd7 45. Kb1 Kc6 46. Ka2 Kd5 47. Kb1
Kxd4 48. Ka2 Ke4 49. Kb1 Kxf4 50. Kc2 Kxg4 51. Kb1 Kf4 52. Ka2 Kxe5 53. Kxa3
b1=Q 54. Ka4 g5 55. Ka5 g4 56. Ka6 g3 57. Ka7 g2 58. Ka8 g1=R 59. Ka7 Qb2 60.
Ka6 Ra1# 0-1

[Event "ch-FRA Blitz Online Qual"]
[Site "Europe-Chess INT"]
[Date "2020.05.16"]
[Round "9"]
[White "Delabarre, Olivier"]
[Black "Mecili, Nabil"]
[Result "1-0"]
[WhiteElo "1997"]
[BlackElo "1688"]
[WhiteFideId "632481"]
[BlackFideId "618420"]
[EventDate "2020.05.16"]

1. d4 d6 2. Bf4 Nf6 3. e3 g6 4. Nf3 Bg7 5. Be2 O-O 6. h3 c6 7. O-O b5 8. c3 a5
9. Nbd2 Na6 10. e4 Bd7 11. Re1 c5 12. d5 b4 13. c4 Nh5 14. Bh2 Bxb2 15. Rb1 Bg7
16. Ng5 Nf6 17. f4 Qc8 18. e5 dxe5 19. fxe5 Ne8 20. Nge4 e6 21. d6 Nb8 22. Nf3
Nc6 23. Nxc5 Nxe5 24. Nxd7 Nxd7 25. Nd4 Qc5 26. Kh1 Qxd4 27. Qc2 Qc3 28. Qe4 Be5
29. Qxa8 Bxh2 30. Kxh2 Nxd6 31. Qc6 Qe5+ 32. Kh1 Nf6 33. Bf3 Qg3 34. Qc5 Nf5 35.
Qe5 Qf2 36. Re2 Ng3+ 37. Kh2 Nxe2 38. Qxf6 Nc3 39. Rg1 Qxa2 40. Rf1 1-0

[Event "ch-FRA Blitz Online Qual"]
[Site "Europe-Chess INT"]
[Date "2020.05.16"]
[Round "9"]
[White "Randrianarimanana, Alicia"]
[Black "Lardon, Quentin"]
[Result "0-1"]
[WhiteElo "1971"]
[BlackElo "2013"]
[WhiteFideId "36034738"]
[BlackFideId "36050407"]
[EventDate "2020.05.16"]

1. d4 d5 2. c4 e6 3. Nc3 g6 4. Bf4 c6 5. e3 Bg7 6. Nf3 Ne7 7. Bd3 O-O 8. O-O
dxc4 9. Bxc4 Nd5 10. Bg3 Nd7 11. e4 Nxc3 12. bxc3 Nf6 13. Qd3 a5 14. Rad1 a4 15.
a3 Qe7 16. Ra1 b5 17. Ba2 Ba6 18. e5 Nd5 19. Bxd5 cxd5 20. Qe3 b4 21. cxb4 Bxf1
22. Rxf1 Rac8 23. Bh4 Qd7 24. Ne1 Qb5 25. Nd3 Rc3 26. Rd1 Rfc8 27. Be7 Rxd3 28.
Qxd3 Qxd3 29. Rxd3 Rc1+ 30. Rd1 Rxd1# 0-1

[Event "ch-FRA Blitz Online Qual"]
[Site "Europe-Chess INT"]
[Date "2020.05.16"]
[Round "9"]
[White "Gautier, Nathan"]
[Black "Rajaobelina, Hery"]
[Result "1-0"]
[WhiteElo "2064"]
[BlackElo "1592"]
[WhiteFideId "26093030"]
[BlackFideId "36054836"]
[EventDate "2020.05.16"]

1. e4 c5 2. Nf3 d6 3. d4 cxd4 4. Nxd4 Nf6 5. Nc3 a6 6. g3 e6 7. Bg2 Be7 8. O-O
Qc7 9. h3 O-O 10. a4 Nc6 11. Kh2 Rb8 12. f4 Bd7 13. Nde2 Nb4 14. e5 dxe5 15.
fxe5 Qxe5 16. Bf4 Qh5 17. Bxb8 Rxb8 18. Rxf6 Bxf6 19. Qxd7 Rd8 20. Qxb7 Nxc2 21.
Rd1 Ne3 22. Rxd8+ Bxd8 23. Qc8 Qg5 24. Ne4 Qe7 25. Nd4 Nd5 26. Nc6 1-0

[Event "ch-FRA Blitz Online Qual"]
[Site "Europe-Chess INT"]
[Date "2020.05.16"]
[Round "9"]
[White "Billot, Daniel"]
[Black "Baroyan, Davit"]
[Result "1-0"]
[WhiteElo "1679"]
[BlackElo "2218"]
[WhiteFideId "618004"]
[BlackFideId "26033607"]
[EventDate "2020.05.16"]

1. e4 c5 2. d4 cxd4 3. c3 Nf6 4. e5 Nd5 5. cxd4 d6 6. Nf3 dxe5 7. Nxe5 Nc6 8.
Bc4 Nxe5 9. dxe5 Be6 10. Bb5+ Bd7 11. Qxd5 e6 12. Bxd7+ Qxd7 13. Qxd7+ Kxd7 14.
O-O Bc5 15. Nc3 Ke7 16. Bg5+ f6 17. exf6+ gxf6 18. Bh4 Kf7 19. Ne4 Be7 20. Rac1
Rac8 21. f3 f5 22. Bxe7 Kxe7 23. Nc5 b6 24. Nd3 Kf6 25. Kf2 Rhd8 26. Rxc8 Rxc8
27. Rc1 Rd8 28. Ke3 Rd7 29. Nf4 e5 30. Rc6+ Kf7 31. Nh5 f4+ 32. Ke2 Rd5 33. Rc2
Kg6 34. g4 Rd7 35. h4 Re7 36. Rc6+ Kf7 37. Kd3 e4+ 38. fxe4 f3 39. Ke3 f2 40.
Rf6+ Ke8 41. Rxf2 1-0

[Event "ch-FRA Blitz Online Qual"]
[Site "Europe-Chess INT"]
[Date "2020.05.16"]
[Round "9"]
[White "Perez Marco, Ricardo"]
[Black "Tulliez, Andre"]
[Result "0-1"]
[WhiteElo "2064"]
[BlackElo "1777"]
[WhiteFideId "2256401"]
[BlackFideId "45107181"]
[EventDate "2020.05.16"]

1. e4 c5 2. Nf3 d6 3. d4 cxd4 4. Nxd4 Nf6 5. Nc3 a6 6. f4 e6 7. a4 Be7 8. Bd3
O-O 9. O-O Nc6 10. Nf3 Qb6+ 11. Kh1 Rd8 12. Qe1 d5 13. e5 Nd7 14. f5 exf5 15.
Nxd5 Qc5 16. c4 Nf8 17. Be3 Qa5 18. b4 Bxb4 19. Qh4 Bc5 20. Ng5 h6 21. Nxf7 Kxf7
22. Bxf5 Bxf5 23. Rxf5+ Kg8 24. Bxh6 gxh6 0-1

[Event "ch-FRA Blitz Online Qual"]
[Site "Europe-Chess INT"]
[Date "2020.05.16"]
[Round "9"]
[White "Villevieille, Lucas"]
[Black "Henry, Tony"]
[Result "0-1"]
[WhiteElo "1713"]
[BlackElo "1979"]
[WhiteFideId "36022349"]
[BlackFideId "622427"]
[EventDate "2020.05.16"]

1. d4 Nf6 2. c4 c5 3. d5 e6 4. Nc3 exd5 5. Nxd5 d6 6. b3 g6 7. Bb2 Bg7 8. e3 O-O
9. Nf3 Be6 10. Nxf6+ Bxf6 11. Bxf6 Qxf6 12. Bd3 d5 13. cxd5 Bxd5 14. O-O Nc6 15.
Rc1 b6 16. Bb5 Rad8 17. Qe2 Ne5 18. Nxe5 Qxe5 19. Rfd1 Bb7 20. Rd3 a6 21. Rxd8
Rxd8 22. Bd3 Qd5 23. Qf3 Qxd3 24. Qxb7 Qd1+ 0-1

[Event "ch-FRA Blitz Online Qual"]
[Site "Europe-Chess INT"]
[Date "2020.05.16"]
[Round "9"]
[White "Le Pen, Steven"]
[Black "Druon, Thibault"]
[Result "1-0"]
[WhiteElo "2141"]
[BlackElo "1644"]
[WhiteFideId "612197"]
[BlackFideId "45166510"]
[EventDate "2020.05.16"]

1. e4 c5 2. Nf3 d6 3. d4 cxd4 4. Nxd4 Nf6 5. Nc3 g6 6. Be3 Bg7 7. f3 O-O 8. Qd2
Nc6 9. g4 Bd7 10. O-O-O Rc8 11. Kb1 Ne5 12. h4 h5 13. gxh5 Nxh5 14. Rg1 Nc4 15.
Bxc4 Rxc4 16. Nde2 b5 17. Rg5 b4 18. Nd5 e6 19. Ndf4 Qf6 20. Nd3 Rfc8 21. e5
dxe5 22. Nxe5 Rxc2 23. Qxd7 R8c7 24. Qd8+ Kh7 25. Qd3 b3 26. Rxh5+ Kg8 27. Qd8+
Qxd8 28. Rxd8+ Bf8 29. Rg5 bxa2+ 30. Kxa2 Rxe2 31. Bc5 Rxc5 32. Rxf8+ Kxf8 33.
Nd7+ Ke7 34. Nxc5 Rh2 35. Rg4 Kd6 36. Nd3 Ke7 37. Kb3 Kf6 38. Kc4 Kg7 39. b4 f5
40. Rd4 Kf6 41. Kb5 e5 42. Rd6+ Ke7 43. Rxg6 e4 44. fxe4 fxe4 45. Nc5 Rxh4 46.
Re6+ Kf7 47. Rxe4 Rh5 48. Ka6 Rh1 49. Kxa7 Ra1+ 50. Na6 Rb1 51. Re5 Kf6 52. Rc5
Ke6 53. b5 Kd7 54. b6 Kd6 55. b7 Kd7 56. b8=Q Ra1 57. Qb7+ Ke6 58. Qb6+ Kd7 59.
Rc7+ Ke8 60. Qb8# 1-0